| 000 | 00466nam a2200181 a 4500 | ||
|---|---|---|---|
| 005 | 20210219152830.0 | ||
| 008 | 991125n 000 0 spa u | ||
| 035 | _aUPN01000062696 | ||
| 222 | _aEDUCACION ESPECIAL. SUPLEMENTO | ||
| 245 | _aAcerca del papel del psicólogo en la escuela | ||
| 300 | _a3-4 | ||
| 362 | 0 | _a1981 Vol. 1, no. 5, ene. | |
| 653 | 0 | _aESCUELA | |
| 653 | 0 | _aMAESTROS | |
| 653 | 0 | _aPSICOLOGOS | |
| 904 |
_aAC _b000507 |
||
| 905 | _aArticulo | ||
| 999 |
_c61819 _d61819 |
||